000 00603nam a22002057a 4500
999 _c5783
_d5783
003 AR-CdUCM
008 190313b ||||| |||| 00| 0 spa d
040 _aMUNICIPALIDAD PROVINCIAL DEL CUSCO
_cBIBLIOTECA MUNICIPAL DEL CUSCO
082 _a818.5 /
_bP81
100 _aPound, Ezra
_99256
245 _aCathay /
260 _aBarcelona :
_bTusquets,
_c1972.
300 _a42 páginas ;
_c18 cm.
440 _aCuadernos marginales - Textos fundamentales
_n25
_917177
505 _aPoemas.
650 _aPoesía.
_9139
700 _aLauer, Mirko (dirigido)
_917178
942 _2ddc
_cLIBROS
945 _awfj